Darwin's black box : The biochemical challenge to evolution

Đã lưu trong:
Sonraí Bibleagrafaíochta
Príomhúdar: Behe, Michael J.
Formáid: Leabhar
Teanga:Undetermined
Foilsithe: New York Simon and Schuster 1996
Ábhair:
Clibeanna: Cuir Clib Leis
Gan Chlibeanna, Bí ar an gcéad duine leis an taifead seo a chlibeáil!
Thư viện lưu trữ: Trung tâm Học liệu Trường Đại học Cần Thơ
LEADER 00515nam a2200193Ia 4500
001 CTU_78598
008 210402s9999 xx 000 0 und d
082 |a 575.2 
082 |b B419 
100 |a Behe, Michael J. 
245 0 |a Darwin's black box : 
245 4 |b The biochemical challenge to evolution 
245 0 |c Michael J. Behe 
260 |a New York 
260 |b Simon and Schuster 
260 |c 1996 
650 |a Evolution 
650 |x Biology 
980 |a Trung tâm Học liệu Trường Đại học Cần Thơ